Deutsche Städte A-Z Bilderquiz - Statistiken

Allgemein
  • Dieses Quiz wurde 320 mal gespielt
  • Das Durchschnittsergebnis liegt bei 15 aus 25
Antwortstatistiken
Bildquiz Hint Antwort % Korrekt
D Dresden
93%
U Ulm
88%
N Nürnberg
87%
C Chemnitz
86%
A Augsburg
84%
J Jena
80%
T Trier
78%
S Stuttgart
76%
E Erfurt
75%
H Hannover
75%
K Kaiserslautern
74%
X Xanten
71%
I Ingolstadt
68%
B Bonn
65%
Q Quedlinburg
59%
F Fulda
53%
W Würzburg
50%
M Mainz
49%
R Rothenburg ob der Tauber
42%
O Oberhausen
38%
P Paderborn
37%
L Limburg an der Lahn
35%
G Gotha
21%
Z Zweibrücken
19%
V Velbert
12%
Keine übereinstimmenden Quizze gefunden
Verteilung der Resultate
Anzahl Personen mit jedem Resultat
Perzentil nach korrekt beantworteten Fragen
Ihre Resultats-Entwicklung
Sie haben dieses Quiz noch nicht gespielt